You are the message : secrets of the master communicators /

Bibliographic Details
Main Author: Ailes, Roger
Other Authors: Kraushar, Jon
Format: Book
Language:English
Published: Homewood, Ill. : Dow Jones-Irwin, [1988]
Subjects:

MARC

Tag First Indicator Second Indicator Subfields
LEADER 00000cam a2200000 a 4500
001 in00000012880
005 20151007052257.0
008 870914s1988 ilu b 00110 eng
010 |a  87070882  
020 |a 0870949764 :  |c $19.95 
035 |a (OCoLC)17296505 
035 |9 AAA7077AM 
040 |a DLC  |c DLC  |d OCL  |d TXA  |d UtOrBLW 
049 |a TXAM  |c [A11031134] 
050 0 0 |a P95  |b .A35 1988 
082 0 |a 001.54/2  |2 19 
100 1 |a Ailes, Roger. 
245 1 0 |a You are the message :  |b secrets of the master communicators /  |c Roger Ailes, with Jon Kraushar. 
264 1 |a Homewood, Ill. :  |b Dow Jones-Irwin,  |c [1988] 
264 4 |c ©1988 
300 |a xv, 185 pages ;  |c 24 cm. 
336 |a text  |b txt  |2 rdacontent 
337 |a unmediated  |b n  |2 rdamedia 
338 |a volume  |b nc  |2 rdacarrier 
504 |a Bibliography: page 179. 
500 |a Includes index. 
650 0 |a Oral communication. 
700 1 |a Kraushar, Jon. 
999 |a MARS 
999 f f |s 6f91237d-af47-3695-a3ae-b5b732894958  |i e5914376-78ac-309e-8f6e-11537a57cc8b  |t 0 
952 f f |p ric  |a Texas A&M University  |b Rellis Campus  |c Joint Library Facility  |s JLF  |d Remote Storage  |t 0  |e P95 .A35 1988  |h Library of Congress classification  |i unmediated -- volume  |m A14811031134 
998 f f |a P95 .A35 1988  |t 0  |l Remote Storage